Research and reports in transdermal drug delivery

Detalles Bibliográficos
Formato: Electrónico Revista
Lenguaje:inglés
Publicado: Auckland, New Zealand : Dove Medical Press
Materias:
Acceso en línea:Full text available from Research Library: 01/01/2012 to 01/31/2016

MARC

LEADER 00000nas a2200000 i 4500
001 ssj0001574540
003 WaSeSS
005 20200512172242.0
006 m d
007 cr n
008 151028c20uu9999nz ar p|s|||||| |0eng d
022 |a 2253-1580  |l 2253-1580 
035 |a (WaSeSS)ssj0001574540 
040 |a WaSeSS  |b eng  |c WaSeSS  |d WaSeSS 
050 4 |a RM151 
210 1 |a Res. rep. transdermal drug deliv. 
222 0 |a Research and reports in transdermal drug delivery 
245 0 0 |a Research and reports in transdermal drug delivery  |h [electronic resource]. 
260 |a Auckland, New Zealand :  |b Dove Medical Press 
310 |a Annual 
506 |a License restrictions may limit access. 
588 |a Description based on: Volume 1 (January 12, 2015); title from title screen (Academic OneFile, viewed Oct. 28, 2015). 
588 |a Latest issue consulted: Volume 3 (January 1, 2014) (viewed Oct. 28, 2015). 
650 0 |a Transdermal medication  |v Periodicals. 
655 0 |a Electronic journals. 
856 4 0 |z Full text available from Research Library: 01/01/2012 to 01/31/2016  |u https://search.proquest.com/publication/3933282